000 00576nam a2200181Ia 4500
001 1809
005 20260306143756.0
008 260306t2014||||xx |||||||||||||| ||spa||
041 _aESP
082 _a155.5
_bC75
100 _aColomina, Belén
_eAUT
245 0 _aLa adolescencia:
_b7 claves para prevenir los problemas de conducta. Incluye propuestas y ejercicios accesibles y entretenidos para fomentar una sana relación con tus hijos y en familia
260 _c2014
300 _a238 páginas :
_c21 cm.
650 _aGEN
654 _aCPS
942 _cLIB
_dJUS
_fJUS
_2ddc
_n
999 _c1809
_d1809